000 00722nam a2200241Ia 4500
003 OSt
005 20221005133527.0
006 a|||||r|||| 00| 0
007 ta
008 221004b |||||||| |||| 00| 0 ara d
020 _c225
024 _a1482
037 _b112, 13/03/2008, Nadwi Publications
_cTextual
040 _aCRL
_cCRL
_bara
041 _2ara
_aara
082 _aO28,2NUSF:gw, N4
100 _aFarooq Abdul Mati
_9642563
245 0 _aYusuf idress-bain al-qissah al-qaseerah wal-ibdaa al-adabi
260 _c1994
650 _aLITERATURE ARABIC
_9579494
942 _hO28,2NUSF:gw, N4
_cTEXL
_2cc
999 _c1067099
_d1067099